Language Quiz

Random Language or Latin Quiz

Latin & Greek Adjective Match Quiz Stats

 Plays Quiz not verified by Sporcle

Challenge
Share
Tweet
Score 0/30 Timer 10:00
0 Plays Today
% Correct
antiquus
94.8%
novus
93.5%
magnus
89%
solus
83.9%
multus
81.3%
minutus
80%
dulcis
76.8%
ridiculus
75.5%
albus
74.2%
viridis
72.3%
sanus
70.3%
rotundus
65.8%
caeruleus
62.6%
rufus
57.4%
malus
56.1%
% Correct
profunda
56.1%
rectus
55.5%
velox
54.8%
humectus
52.3%
paucus
49.7%
gravis
47.1%
durus
45.8%
flavus
45.2%
strictus
43.9%
acerbus
41.3%
ceterus
40.6%
tardus
39.4%
siccus
38.1%
levis
26.5%
crassus
23.9%

You're not logged in!

Compare scores with friends on all Sporcle quizzes.
OR
Log In

You Might Also Like...

Show Comments

Extras

Top Quizzes Today


Score Distribution

Your Account Isn't Verified!

In order to create a playlist on Sporcle, you need to verify the email address you used during registration. Go to your Sporcle Settings to finish the process.

Report this User

Report this user for behavior that violates our Community Guidelines.

Details: